000 01786nam2a2200301 4500
001 RU\NLR\BIBL_A\022660594
005 20260122171730.0
010 _a978-5-00249-296-1
021 _aRU
_bКН-П-25-058077
_9КН-П-25-5592
035 _a(NLR Aleph) 022660594
090 _a13535823
_c13535823
100 _a20251106d2025 k y0rusy50 ca
101 0 _arus
_deng
105 _aa z 100yy
200 0 _aЧ. 1
210 _d2025
215 _a193 с.
_cил., табл.
461 0 _1001RU\NLR\BIBL_A\022660593
_12001#$aИнтеллектуальный потенциал России 2025$eсборник статей Всероссийской научно-практической конференции с международным участием, 28 мая 2025 г., г. Иркутск$eв 2 ч.$fНаучно-издательский центр Аэтерна$vЧ. 1
_913498055
_cУфа
_d2025
_fНаучно-издательский центр Аэтерна
_nАэтерна
_oсборник статей Всероссийской научно-практической конференции с международным участием, 28 мая 2025 г., г. Иркутск : в 2 ч.
_tИнтеллектуальный потенциал России 2025
_y978-5-00249-298-5
_vЧ. 1
606 1 _aЭкономика
_jСъезды, совещания и т.п
_91414491
_3RU\NLR\AUTH\66284709
606 1 _aПедагогика
_jСъезды, совещания и т.п
_9921924
_3RU\NLR\AUTH\6619222
606 1 _aПсихология
_jСъезды, совещания и т.п
_9931820
_3RU\NLR\AUTH\6624683
686 1 _aУ.я431
686 1 _aЧ30я431
686 1 _aЮ9я431
942 _cBOOK
980 _aNB